Estudios Sociales Centroamericanos/ (Enero-Abril 1972) Año 1, Número 1
Պահպանված է:
| Համատեղ հեղինակ: | |
|---|---|
| Ձևաչափ: | Գիրք |
| Լեզու: | Spanish |
| Հրապարակվել է: |
San José
Programa Centroamericano de Desarrollo de las Ciencias Sociales
1972
|
| Ցուցիչներ: |
Ավելացրեք ցուցիչ
Չկան պիտակներ, Եղեք առաջինը, ով նշում է այս գրառումը!
|
MARC
| LEADER | 00000nam a22000007a 4500 | ||
|---|---|---|---|
| 003 | cru CRAI/IIS | ||
| 005 | 20220608104128.0 | ||
| 007 | ta | ||
| 008 | 210720b1972 cr ||||| |||| 00| 0 spa d | ||
| 040 | |c cru CRAI/IIS | ||
| 090 | |a REV0467 1(1) 1972 | ||
| 110 | 1 | |9 10034 |a Programa Centroamericano de Desarrollo de las Ciencias Sociales | |
| 245 | |a Estudios Sociales Centroamericanos/ |b (Enero-Abril 1972) Año 1, Número 1 |c CSUCA | ||
| 260 | |a San José |b Programa Centroamericano de Desarrollo de las Ciencias Sociales |c 1972 | ||
| 300 | |a 224 páginas | ||
| 505 | |a CONTENIDOS A manera de Presentación Edelberto Torres Rivas 5 Ensayos y Artículos Dependencia y cambio social en la sociedad hondureña Guillermo Molina Chocano 11-26 Evolución político religiosa del indígena rural en Guatemala (1945-1965) Ricardo Falla S.J. 27-43 Etapas y procesos de la evolución sociopolítica de Costa Rica José Luis Vega Carballo 47-84 Problemas y Debates Teórico-Metodológicos Severo Martínez Pelaez y el carácter del Régimen Colonial Ciro Flamarion Santana Cardoso 89-115 En torno a un reciente debate: el intercambio desigual Héctor Perez Brignoli 117-154 Bibliografía y Documentación Proyecto de documentación del programa centroamericano del desarrollo de las ciencias sociales 157-159 Universidad de Florida: Tesis con contenido centroaméricano 161-164 Universidad deTulane: Tesis de doctorado y tesis de materia relativas a América Latina 1885.1957 165-189 INFORMACIONES La estructura interna de la sociedad hondureña y la población Arturo Euceda Gómez 193-199 Desarrollo económico social de Centroamérica (1821-1930) 201-224 | ||
| 773 | 0 | |0 18875 |9 5540 |a Universidad de Costa Rica. |d San José, Costa Rica: Universidad de Costa Rica. Consejo Superior Universitario Centroamericano, 1972- |o 13784 |t Estudios Sociales Centroamericanos / |x 0303-9676 | |
| 942 | |2 z |c PP | ||
| 999 | |c 43775 |d 43775 | ||
